Mao: la historia desconocida / Jung Chang y Jon Halliday (Registro nro. 7315)

Detalles MARC
000 -LEADER
fixed length control field 00541nam a22002051a 4500
001 - CONTROL NUMBER
control field 7315
003 - CONTROL NUMBER IDENTIFIER
control field OSt
005 - DATE AND TIME OF LATEST TRANSACTION
control field 20260204212126.0
008 - FIXED-LENGTH DATA ELEMENTS--GENERAL INFORMATION
fixed length control field 071011s2006||||mx ||||||b||||||||||spa||
020 ## - NUMERO DE LIBRO INTERNACIONAL NORMALIZADO
International Standard Book Number 9707704241
050 ## - LIBRARY OF CONGRESS CALL NUMBER
Classification number 808.8381 C362m
100 ## - ASIENTO PRINCIPAL -- NOMBRE PERSONAL
Personal name Chang, Jung
245 ## - TÍTULO PROPIAMENTE DICHO: SUBTÍTULO
Title Mao: la historia desconocida / Jung Chang y Jon Halliday
264 ## - PRODUCTION, PUBLICATION, DISTRIBUTION, MANUFACTURE, AND COPYRIGHT NOTICE
Place of production, publication, distribution, manufacture México : Santillana
300 ## - PHYSICAL DESCRIPTION
Extensión 1029 p
500 ## - GENERAL NOTE
General note Incluye indice y bibliografía
650 ## - ASIENTO SECUNDARIO DE MATERIA -- TERMINO TEMÁTICO
Termino Temático Como Elemento de Entrada Novela Historia 2.Historia - China
700 ## - ASIENTO SECUNDARIO -- NOMBRE PERSONAL
Personal name Halliday, JonÌ
942 ## - ADDED ENTRY ELEMENTS (KOHA)
Source of classification or shelving scheme Dewey Decimal Classification
Koha item type Libros
Existencias
Withdrawn status Lost status Source of classification or shelving scheme Damaged status Not for loan Current library Date acquired Total Checkouts Full call number Barcode Date last seen Price effective from Koha item type
    Dewey Decimal Classification     Biblioteca UTECO 09/09/2019   808.8381 C362M 013349 09/09/2019 09/09/2019 Libros
© 2021 Derechos Reservados UTECO - Teléfono: +1 809-585-2291 - Correo electrónico: biblioteca@uteco.edu.do​  
Código postal 43000 ​​
Dirección: Avenida Universitaria No. 100, 
Cotuí, Provincia Sánchez Ramírez, República Dominicana - RNC: 404-00059-6